[Event "IOM Open-Masters 2017"]
[Site "Douglas"]
[Date "2017.09.28"]
[Round "6"]
[White "Fenil, Shah"]
[Black "Babar, Michael"]
[Result "1/2-1/2"]
[WhiteElo "2362"]
[BlackElo "2130"]
[Annotator "TA"]
[PlyCount "76"]
[EventDate "2017.??.??"]
[EventType "swiss"]
[EventCountry "GBR"]
[SourceTitle "playchess.com"]
[Source "ChessBase"]
[SourceQuality "1"]

{[%evp 13,76,-8,18,18,37,37,42,22,112,115,119,114,110,111,167,146,139,165,161,165,162,167,222,58,161,141,134,78,78,0,56,-239,-229,-273,-267,-381,-381,-381,-381,-381,-381,-381,-381,-380,-379,-367,-373,-380,-366,-366,-366,-366,-353,-373,-353,-370,-370,-326,0,-269,-123,-123,-123,-123,-124]} 1. d4 Nf6 2. Nf3 b6 3. Bf4 e6 4. e3 Bb7 5. Bd3 Be7 6. Nbd2 c5 7. c3 d5 8. Ne5 {D02: 1 d4 d5 2 Nf3 sidelines, including 2...Nf6 3 g3 and 2...Nf6 3 Bf4} O-O 9. Qf3 Nfd7 (9... Nc6 10. Qh3 g6 11. Bh6 Re8 12. f4 Qc8 13. Bg5 cxd4 14. exd4 {0-1 (25) Cacho Reigadas,S (2511)-Antipov,M (2508) Linares 2014}) 10. Qh3 {[%csl Gd3][%cal Rh3h7] White is slightly better.} f5 (10... g6 $1 $11) 11. g4 $16 {[%cal Rg4f5]} Nxe5 12. Bxe5 {[%cal Rg4f5]} Ba6 $146 ({Predecessor:} 12... g6 13. Rg1 Qd7 14. gxf5 exf5 15. O-O-O Nc6 {1-0 (36) Ruzicka,M (2067)-Cupal,M (2047) Czechia 2011}) 13. Bc2 {[%cal Rg4f5]} Nc6 (13... cxd4 $16 14. exd4 (14. gxf5 d3 $11) 14... g6) 14. gxf5 $18 Nxe5 15. dxe5 {Black must now prevent f6.} exf5 16. Bxf5 g6 17. Rg1 $1 Kg7 ({Not} 17... Bh4 $2 18. Nf3 $18) (17... Bc8 $142 18. Be6+ Kg7) 18. Qg4 $2 (18. O-O-O $1 $18) 18... Bc8 ({Don't blunder} 18... Rxf5 $2 19. Qxf5 Qc7 20. Qh5 $18) ({Black should play} 18... Qe8 $1 $14 19. Bd7 Qd8) 19. Bxc8 $1 Rxc8 20. Rg2 (20. f4 $142) 20... d4 $16 {[#]} 21. Rd1 ({Much worse is} 21. cxd4 cxd4 22. exd4 Bb4 $11) (21. O-O-O $1 $16) 21... dxe3 (21... Qd5 $1 $11) 22. fxe3 $2 {[%mdl 8192] [#]} (22. Nc4 $14 {stays ahead.} exf2+ 23. Rxf2) 22... Qd3 $1 $19 {[%cal Rd3e3]} 23. Rg3 Rcd8 24. e4 {[#]} (24. Qe2 $142 Bh4 25. Qxd3 Bxg3+ 26. hxg3 Rxd3 27. Ke2) 24... Bh4 $1 {[%mdl 512]} 25. Qxh4 Rf1+ $1 26. Nxf1 Qxd1+ 27. Kf2 Rf8+ 28. Qf6+ Rxf6+ 29. exf6+ Kxf6 {[%mdl 4096] Endgame KQ-KRN} 30. Re3 Ke5 31. Re2 h5 32. Nd2 Qh1 33. Ke3 Qg1+ 34. Rf2 {And now Nf3+ would win.} Qe1+ 35. Re2 Qg1+ 36. Rf2 $1 {Strongly threatening Nf3+.} Ke6 (36... Qg5+ $19 {has better winning chances.} 37. Kf3 Qg4+ 38. Ke3 g5) 37. Nf3 $17 Qc1+ 38. Rd2 Qb1 {Precision: White = 51%, Black = 42%.} 1/2-1/2

[Event "IOM Open-Masters 2017"]
[Site "Douglas"]
[Date "2017.09.28"]
[Round "6"]
[White "Ledger, Andrew J"]
[Black "Christiansen, Johan-Sebastian"]
[Result "0-1"]
[WhiteElo "2361"]
[BlackElo "2457"]
[Annotator "TA"]
[PlyCount "74"]
[EventDate "2017.??.??"]
[EventType "swiss"]
[EventCountry "GBR"]
[SourceTitle "playchess.com"]
[Source "ChessBase"]
[SourceQuality "1"]

{[%evp 9,74,34,37,25,27,19,25,24,21,23,41,15,23,24,69,65,67,8,36,34,72,26,68,0,22,-17,-33,-29,6,0,56,59,59,48,53,63,157,157,198,191,188,197,207,202,224,216,222,214,212,227,248,165,295,157,261,146,164,151,204,61,70,-29993,-29994,-29995,-29996,-29996,-29997]} 1. d4 d5 2. c4 dxc4 3. Nf3 Nf6 4. e3 b5 5. a4 b4 6. Bxc4 {And now Ne5 would win. D25: Queen's Gambit Accepted: 4 e3: sidelines and 4...Bg4} e6 7. O-O Be7 8. Nbd2 {White has an edge.} Bb7 9. a5 a6 10. Nb3 Nbd7 11. Bd2 $146 ({Predecessor:} 11. Qe2 O-O 12. Rd1 c5 {½-½ (48) Deepan Chakkravarthy,J (2496)-Sethuraman,S (2578) Kolkata 2014}) 11... Qb8 12. Rc1 O-O 13. Qe2 ({Better is} 13. Ne5 $14) 13... Rd8 14. Rfd1 Qa7 15. Be1 Rac8 16. Bd3 c5 17. dxc5 Nxc5 18. Nxc5 Bxc5 (18... Rxc5 {is more complex.} 19. Nd4 Rxa5 20. Rc7 Bd6 21. Nc6 Qb6) 19. Ne5 Qa8 {[#]} (19... h6 $11) 20. Bxh7+ $1 $14 {[%mdl 512]} Nxh7 21. Rxd8+ Rxd8 22. Rxc5 {Strongly threatening Nxf7!} Nf6 (22... Bxg2 $14 23. f3 (23. Bxb4 Ng5 $17) 23... Rd5 24. Bxb4 Rxc5 25. Bxc5 Qd5) 23. f3 $16 Nd5 24. e4 Nf6 25. Bxb4 Qb8 26. Bc3 Qd6 27. b4 Ne8 28. h3 Nc7 29. Nc4 Qe7 30. Bb2 Nb5 (30... e5 $142 31. Ne3 (31. Nxe5 Ne6 $18) (31. Rxe5 Qxb4 32. Ba3 Qb3 $16) 31... f6) 31. Na3 (31. Qf2 $18) 31... Na7 (31... Nxa3 $16 {might work better.} 32. Bxa3 Rd6) 32. Qc4 ({White should play} 32. Qe1 $18) 32... Rd1+ 33. Kh2 Qh4 (33... Nc6 $16 {is a better defense.}) 34. Be5 (34. Bc1 $1 $18) 34... Qf2 $14 {( -> ...Rg1)} 35. Bf4 $2 {[%mdl 8192] [#]} (35. Bc3 $14 Qh4 36. g3) 35... Rg1 $1 {[%csl Gg1][%cal Rf2g2] Black mates.} 36. Rg5 {[#]} Qe1 $1 {[%csl Ge1][%cal Rg1h1]} 37. Rxg7+ Kh8 {Precision: White = 32%, Black = 52%.} 0-1

[Event "IOM Open-Masters 2017"]
[Site "Douglas"]
[Date "2017.09.28"]
[Round "6"]
[White "Paul, Johannes"]
[Black "Fischer, Daniel"]
[Result "1-0"]
[WhiteElo "2335"]
[BlackElo "2100"]
[Annotator "ChessBase"]
[PlyCount "87"]
[EventDate "2017.??.??"]
[EventType "swiss"]
[EventCountry "GBR"]
[SourceTitle "playchess.com"]
[Source "ChessBase"]
[SourceQuality "1"]
[TimeControl "40/6000+30:20/3000+30:900+30"]

1. c4 e5 2. g3 Nc6 3. Nc3 Bc5 4. Bg2 a6 5. e3 d6 6. Nge2 Ba7 7. d4 exd4 8. exd4 Nf6 9. O-O O-O 10. a3 Bg4 11. h3 Bh5 12. g4 Bg6 13. f4 h6 14. b4 Re8 15. f5 Bh7 16. c5 Qd7 17. Bf4 Rad8 18. Kh1 d5 19. Ng3 Ne7 20. Qd2 Kh8 21. Be5 Neg8 22. g5 Ne4 23. Ncxe4 dxe4 24. gxh6 f6 25. Nh5 Nxh6 26. Nxf6 e3 27. Qa2 Bg8 28. Nxd7 Bxa2 29. f6 Rxd7 30. fxg7+ Kg8 31. Rxa2 Nf7 32. Rxf7 Kxf7 33. Bxb7 Rxe5 34. dxe5 Rd1+ 35. Kg2 a5 36. Kf3 Kxg7 37. Kxe3 Re1+ 38. Kd4 Rd1+ 39. Kc4 Re1 40. Kb5 Rxe5 41. Kxa5 Re3 42. Ka6 Bb8 43. Bc6 Rxh3 44. Kb7 1-0

[Event "IOM Open-Masters 2017"]
[Site "Douglas"]
[Date "2017.09.28"]
[Round "6"]
[White "Jessel, Stephen"]
[Black "Bogner, Sebastian"]
[Result "0-1"]
[WhiteElo "2334"]
[BlackElo "2599"]
[Annotator "TA"]
[PlyCount "106"]
[EventDate "2017.??.??"]
[EventType "swiss"]
[EventCountry "GBR"]
[SourceTitle "playchess.com"]
[Source "ChessBase"]
[SourceQuality "1"]

{[%evp 9,106,-32,-27,-28,-30,-35,-27,-48,-37,-44,-43,-43,-34,-50,-37,-49,-45,-45,-47,-51,-54,-45,-6,-46,-35,-35,-35,-35,-38,-39,-35,-32,-37,-39,-33,-73,-71,-64,-58,-77,-75,-91,-86,-96,-90,-93,-90,-81,-90,-90,-90,-89,-72,-87,-57,-59,-59,-86,-97,-101,-108,-118,-118,-163,-171,-158,-138,-228,-199,-183,-198,-336,-334,-427,-429,-418,-388,-393,-366,-347,-345,-356,-362,-336,-333,-606,-595,-599,-591,-581,-562,-1779,-1690,-712,-696,-648,-637,-5616,-29948]} 1. Nf3 Nf6 2. c4 g6 3. b4 Bg7 4. Bb2 O-O 5. g3 Nc6 (5... c6 6. Bg2 d5 7. cxd5 cxd5 8. O-O a5 9. b5 a4 10. Na3 Qd6 11. Nc2 Ne4 12. Rb1 Nd7 13. Bxg7 Kxg7 14. Rb4 Nef6 15. a3 e5 {1-0 (48) Salgado Lopez,I (2627)-Baklan,V (2601) Linares 2017}) 6. b5 {A15: English Opening: 1...Nf6} Na5 7. d3 a6 8. bxa6 $146 {Black has an edge.} ({Predecessor:} 8. Nc3 d5 9. Nd2 e5 10. Bg2 Be6 11. Nb3 Nxb3 12. Qxb3 axb5 13. cxd5 {1-0 (58) Holton,J (133)-Gallagher,D (174) Aberystwyth 2014}) 8... Rxa6 9. Bg2 d6 10. O-O e5 11. Qc2 Nd7 12. Nc3 Nc5 13. Nd2 Nc6 14. Nb3 $1 Nd4 15. Qd1 Bf5 16. e4 {Strongly threatening Nxc5.} Bd7 17. Nxd4 exd4 18. Ne2 $1 Qa8 19. Bxd4 Bxd4 20. Nxd4 Rxa2 21. Rxa2 Qxa2 22. Nb5 Bxb5 23. cxb5 Qb2 24. Qb1 Qd4 25. b6 c6 26. Qa1 Qxa1 27. Rxa1 Nxd3 $17 {[%mdl 4096] Endgame KRB-KRN} 28. Rd1 Nc5 29. Rxd6 Ra8 30. Rd1 Ra6 31. Rb1 Kf8 32. e5 Nd7 33. f4 Rxb6 34. Ra1 Ke7 35. Bf1 Rb2 36. Ra3 f6 37. exf6+ Nxf6 38. h3 (38. Re3+ $17 Kd6 39. Bh3 Rb1+ 40. Kf2) 38... Kd6 39. Bg2 Nd5 40. Bf3 (40. Ra8 {was called for.}) 40... b5 $19 {[%cal Bb7b5,Bb5b4,Bb4b3][%mdl 32]} 41. Ra7 b4 42. Rxh7 b3 43. Rb7 c5 $1 {[%cal Bc6c5,Bc5c4][%mdl 32]} 44. Rb5 Ne3 45. Rb6+ {[#]} Kd7 $1 46. Rb7+ {[#]} Kc8 $1 47. Rb5 $2 (47. Re7 Rb1+ 48. Kf2 Nd1+ 49. Ke1) 47... c4 {Black is clearly winning.} 48. Re5 Rb1+ 49. Kf2 Nd1+ 50. Bxd1 Rxd1 51. Rb5 Kd7 52. Ke2 Rg1 {White must now prevent ...Kc6.} 53. Rd5+ Kc6 {Precision: White = 47%, Black = 93%.} 0-1

[Event "IOM Open-Masters 2017"]
[Site "Douglas"]
[Date "2017.09.28"]
[Round "6"]
[White "Rathnakaran, K."]
[Black "Movsesian, Sergei"]
[Result "0-1"]
[WhiteElo "2326"]
[BlackElo "2671"]
[Annotator "TA"]
[PlyCount "72"]
[EventDate "2017.??.??"]
[EventType "swiss"]
[EventCountry "GBR"]
[SourceTitle "playchess.com"]
[Source "ChessBase"]
[SourceQuality "1"]

{[%evp 26,72,66,48,141,51,107,68,89,26,79,0,32,29,31,18,20,5,28,0,0,-22,-30,-30,-24,-50,0,0,0,-254,-250,-242,-245,-230,-208,-247,-254,-255,-233,-314,-313,-319,-311,-325,-323,-299,-316,-1047,-1041]} 1. e4 c5 2. Nf3 e6 3. d4 cxd4 4. Nxd4 a6 5. Bd3 Bc5 6. Nb3 Be7 7. c4 d6 8. Nc3 Nf6 9. O-O O-O 10. f4 Qc7 11. Be3 Nbd7 12. Rc1 {B42: Sicilian: Kan Variation: 5 Bd3} b6 13. Qf3 Bb7 14. Qh3 {[#] LiveBook: 4 Games. White is slightly better.} Rfd8 $146 (14... h5 $14) ({Predecessor:} 14... Rfe8 15. Nd2 Bf8 16. b4 g6 17. f5 Bg7 18. fxe6 fxe6 {½-½ (27) Stany,G (2397)-Debashis,D (2507) Jalgaon 2013}) 15. Bb1 ({Better is} 15. g4 $1 $16) 15... Nf8 (15... h5 $14) 16. Nd2 Rac8 17. Nf3 (17. f5 $16) 17... N6d7 (17... Qb8 $11) 18. Ne2 (18. f5 $16) 18... Qb8 19. Ng3 b5 20. f5 Rxc4 21. Rxc4 bxc4 22. Nh5 exf5 {[#]} 23. Nxg7 $1 {[%mdl 512]} Kxg7 24. Nd4 Kh8 ({Don't blunder} 24... Bxe4 $2 25. Bxe4 fxe4 26. Nc6 $18) (24... fxe4 $2 25. Nf5+ Kh8 26. Nxe7 $18) 25. Nxf5 Bf6 {And now ...Ne5 would win.} 26. Nh6 {Strongly threatening Rxf6!} Bg7 27. Rxf7 $2 {[%mdl 8192]} (27. Nxf7+ $11 {and White has nothing to worry.} Kg8 28. Ng5 (28. Nxd8 Qxd8 29. b3 cxb3 $15)) 27... Ne5 $19 {Threatens to win with ...Bxh6.} 28. Rxg7 Kxg7 29. Nf5+ {[#]} Kf7 $1 30. Qh5+ {[#]} Neg6 $1 31. Bd4 Rd7 32. Bc2 Bc6 ({Don't do} 32... Ke8 33. Ba4 $19) 33. Qg5 Ke8 34. Qf6 Qd8 {aiming for ...Qxf6.} 35. Ng7+ {[#]} Rxg7 $1 36. Qxg7 $2 (36. Qxd8+ Kxd8 37. Bxg7) 36... Qg5 {Precision: White =  7%, Black = 28%.} 0-1

[Event "IOM Open-Masters 2017"]
[Site "Douglas"]
[Date "2017.09.28"]
[Round "6"]
[White "Zwahr, Paul"]
[Black "Burrows, Martin P"]
[Result "1-0"]
[WhiteElo "2306"]
[BlackElo "2085"]
[Annotator "ChessBase"]
[PlyCount "105"]
[EventDate "2017.??.??"]
[EventType "swiss"]
[EventCountry "GBR"]
[SourceTitle "playchess.com"]
[Source "ChessBase"]
[SourceQuality "1"]
[TimeControl "40/6000+30:20/3000+30:900+30"]

1. e4 e6 2. d4 d5 3. Nc3 Bb4 4. e5 c5 5. a3 Bxc3+ 6. bxc3 Ne7 7. Qg4 O-O 8. Bd3 Nbc6 9. Qh5 Ng6 10. Nf3 Qc7 11. Be3 c4 12. Bxg6 fxg6 13. Qg4 Qf7 14. Ng5 Qe8 15. h4 Bd7 16. Nh3 Ne7 17. Nf4 h6 18. h5 g5 19. Nh3 Qf7 20. Qe2 Qf5 21. f3 b5 22. O-O Be8 23. g4 Qh7 24. f4 gxf4 25. Nxf4 Bd7 26. a4 bxa4 27. Bc1 Qe4 28. Qh2 Rab8 29. Qg3 Rf7 30. Ba3 Qxc2 31. Rac1 Qa2 32. Bd6 Qb2 33. Ng6 Nxg6 34. hxg6 Rff8 35. Bxf8 Rxf8 36. Rxf8+ Kxf8 37. Rf1+ Ke8 38. Qf3 Qa3 39. Qf7+ Kd8 40. Qxg7 Qxc3 41. Qf8+ Be8 42. Qd6+ Kc8 43. Qxe6+ Kd8 44. Qxd5+ Kc7 45. g7 Qg3+ 46. Qg2 Qxg2+ 47. Kxg2 Bc6+ 48. Kg3 Bd5 49. Ra1 Kb6 50. Rxa4 a5 51. Kf4 Kb5 52. Ra1 Be6 53. Ke4 1-0

[Event "IOM Open-Masters 2017"]
[Site "Douglas"]
[Date "2017.09.28"]
[Round "6"]
[White "Piasetski, Leon"]
[Black "Mai, Aron Thor"]
[Result "1-0"]
[WhiteElo "2286"]
[BlackElo "2038"]
[Annotator "ChessBase"]
[PlyCount "77"]
[EventDate "2017.??.??"]
[EventType "swiss"]
[EventCountry "GBR"]
[SourceTitle "playchess.com"]
[Source "ChessBase"]
[SourceQuality "1"]
[TimeControl "40/6000+30:20/3000+30:900+30"]

1. Nf3 d5 2. g3 Bg4 3. Bg2 c6 4. h3 Bxf3 5. Bxf3 e5 6. d3 Bd6 7. e4 d4 8. Nd2 Ne7 9. c3 Na6 10. cxd4 exd4 11. O-O Ng6 12. Nc4 Bc7 13. a4 O-O 14. Bg2 Nb4 15. Qb3 a5 16. Bd2 Qe7 17. f4 Rfe8 18. h4 Nf8 19. Bh3 h5 20. Kg2 Ra7 21. Rf2 Na6 22. Re1 Nc5 23. Qc2 b5 24. axb5 cxb5 25. Na3 Rb8 26. Rc1 Na4 27. Nxb5 Rxb5 28. Qxa4 Rxb2 29. Qxd4 Rbb7 30. Bc3 f6 31. Rb2 Rxb2+ 32. Bxb2 Bd8 33. Qd5+ Qf7 34. Qxd8 Kh7 35. Qd5 Qe8 36. Rc8 Qe7 37. Rxf8 Qxf8 38. Qxh5+ Kg8 39. Be6+ 1-0

[Event "IOM Open-Masters 2017"]
[Site "Douglas"]
[Date "2017.09.28"]
[Round "6"]
[White "Rudolf, Anna"]
[Black "Jones, Gawain C B"]
[Result "0-1"]
[WhiteElo "2286"]
[BlackElo "2668"]
[Annotator "TA"]
[PlyCount "103"]
[EventDate "2017.??.??"]
[EventType "swiss"]
[EventCountry "GBR"]
[SourceTitle "playchess.com"]
[Source "ChessBase"]
[SourceQuality "1"]

{[%evp 13,103,-58,-7,-7,0,0,27,-47,-41,-56,-25,-43,-51,-53,0,0,0,0,0,-83,-82,-65,-78,-75,-64,-85,-87,-87,-72,-89,-84,-94,-50,-118,-133,-118,-119,-144,-134,-134,-138,-141,-132,-99,-83,-202,-206,-206,-203,-270,-253,-240,-254,-253,-238,-212,-205,-205,-71,-66,-65,-72,-74,-73,-66,-73,-73,-81,0,-28,0,-80,-8,-8,-8,-8,-8,-12799,-12799,-12796,-12799,-12797,-12797,-7318,-5568,-5575,-5497,-5624,-5905,-4801,-4633,-29990]} 1. e4 e5 2. Bc4 Nf6 3. Nc3 Nc6 4. d3 {[%cal Bd2d3,Bd3c4,Bc4c5][%mdl 32]} Bc5 5. f4 d6 6. Nf3 Na5 7. f5 a6 {LiveBook: 12 Games} (7... Nxc4 $15 8. dxc4 Bb4) 8. a3 $11 {C30: King's Gambit Declined} (8. Bg5 Nxc4 9. dxc4 Bb4 10. Qd3 Bxc3+ 11. Qxc3 Qd7 12. Nd2 b5 13. Qg3 Bb7 14. Qh4 Ke7 15. Nf1 Qc6 16. Ng3 Qxc4 {0-1 (27) Acsinte,M (2326)-Berescu,A (2452) Calimanesti Caciulata 2016}) 8... Nxc4 9. dxc4 b5 10. b4 (10. Bg5 $11) 10... Bb6 $15 11. c5 $146 ({Predecessor:} 11. cxb5 axb5 12. Bg5 c6 13. Qd3 h6 14. Bh4 Bb7 15. O-O-O Rxa3 16. Bxf6 gxf6 {1-0 (28) Lokasto,A (2335)-Orzechowski,J (2220) Krynica 1995}) 11... Ba7 12. Bg5 Bb7 $1 13. Nd5 Bxd5 (13... h6 $15 14. Bh4 O-O) 14. Bxf6 $1 $11 Qxf6 15. Qxd5 O-O 16. O-O-O (16. cxd6 $1 $11 {keeps the balance.} cxd6 17. O-O-O) 16... dxc5 $1 $17 17. Qxe5 Qxe5 18. Nxe5 cxb4 19. axb4 Rfe8 20. Nc6 Be3+ 21. Kb1 Rxe4 22. Rhe1 Ree8 23. Rd7 ({Better is} 23. c3 $15) 23... Bf4 24. Ree7 Rxe7 25. Nxe7+ {[%mdl 4096] Endgame KRB-KRN} Kf8 26. Nd5 Bxh2 27. Nxc7 Bxc7 28. Rxc7 {KR-KR} h5 29. g3 (29. Kb2 $17) 29... Re8 $19 30. Rc6 Re4 31. c3 Rc4 32. Rxa6 Rxc3 33. f6 {Threatening mate with Ra8+.} gxf6 34. Rxf6 Rxg3 {...Rb3+ is the strong threat.} 35. Rf5 Rb3+ (35... Rh3 $19 {has better winning chances.} 36. Rxb5 h4) 36. Kc2 $17 Rxb4 {White must now prevent ...h4.} 37. Rxh5 Kg7 38. Kc3 Kg6 39. Rd5 $1 Rb1 40. Kc2 Rb4 (40... Rf1 $1 $17 41. Rxb5 Rf3) 41. Kc3 $11 Rb1 (41... Rf4 $11 42. Rxb5 Re4) 42. Kc2 $1 $17 {[%cal Rc2b1]} Re1 ({Black should play} 42... Rf1 $1 $17 {Hoping for ...Rf5.} 43. Rxb5 Rf3) 43. Rxb5 $11 f5 44. Kd2 Re8 {White should prevent ...Kg5.} (44... Rh1 {with more complications.} 45. Rb3 Rh2+ 46. Ke1 Ra2 47. Rf3 Ra1+) 45. Rb1 $2 {[%mdl 8192]} (45. Rb3 $11) 45... Kg5 $1 $19 {[%cal Rg5g4] Black is clearly winning.} 46. Rg1+ Kh4 47. Rf1 Kg4 48. Rg1+ Kh3 $1 49. Rf1 Re5 $1 50. Kd3 {[#]} Kg2 $1 {[%cal Rg2f1]} 51. Rf4 {[#]} Kg3 $1 {[%cal Rg3f4]} 52. Kd4 {Precision: White = 51%, Black = 57%.} 0-1

[Event "IOM Open-Masters 2017"]
[Site "Douglas"]
[Date "2017.09.28"]
[Round "6"]
[White "Balint, Vilmos"]
[Black "Kjartansson, Gudmundur"]
[Result "1-0"]
[WhiteElo "2281"]
[BlackElo "2456"]
[Annotator "TA"]
[PlyCount "71"]
[EventDate "2017.??.??"]
[EventType "swiss"]
[EventCountry "GBR"]
[SourceTitle "playchess.com"]
[Source "ChessBase"]
[SourceQuality "1"]

{[%evp 15,71,22,10,0,-3,0,0,-1,0,-50,-21,-26,-48,-26,2,8,12,2,22,29,32,18,30,25,22,14,35,35,36,32,41,41,41,39,29,23,26,0,29,27,29,8,267,257,233,215,215,104,170,146,582,576,565,557,1539,1424,29989,29990]} 1. Nf3 Nf6 2. g3 d5 3. Bg2 e6 4. O-O Be7 5. d4 b5 6. a4 {A46: 1 d4 Nf6 2 Nf3 e6: Torre, London and Colle Systems} (6. Nbd2 Bb7 7. Ne5 Nbd7 8. c4 bxc4 9. Ndxc4 c5 10. Bf4 O-O 11. Rc1 Rc8 12. Qa4 Nxe5 13. dxe5 Bc6 {½-½ (33) Radjabov,T (2738)-Aronian,L (2784) Berlin 2015}) 6... b4 7. c4 bxc3 8. bxc3 O-O {LiveBook: 3 Games} 9. Nbd2 c5 10. Ne5 $146 ({Predecessor:} 10. c4 Nbd7 11. Ba3 Ba6 12. Ne5 Rc8 13. Nxd7 Qxd7 14. cxd5 Nxd5 15. dxc5 Nc3 {0-1 (67) Brinovec,F (2102)-Titan,M (1852) Celje 2008}) 10... cxd4 11. cxd4 Ba6 12. f4 Qb6 13. Ndc4 Qc7 14. Ba3 Bxa3 (14... Rc8 {seems wilder.} 15. Bxe7 Qxe7 16. Na3 Nc6 17. Nb5 Rab8) 15. Nxa3 Nbd7 16. Nb5 Bxb5 17. axb5 Nxe5 18. fxe5 Ne4 19. Qd3 Qb7 20. Rf4 {[%cal Rf4e4]} f5 21. exf6 Nxf6 22. Bh3 Rae8 23. Ra6 e5 24. dxe5 Rxe5 25. Be6+ Kh8 26. Rf5 (26. Bg4 $5) 26... Rxf5 27. Bxf5 Ne4 28. g4 $40 {[%mdl 128] White is up to no good.} h6 $2 {[%mdl 8192]} (28... Nc5 $11 29. Qa3 Qxb5 30. Rxa7 (30. Bd3 Qb3 $16) 30... Qb6) 29. Qd4 $18 {Strongly threatening Bxe4.} Nf6 30. Qc5 ({Weaker is} 30. Rxa7 Qxb5 31. Bd3 Qc6 $14) 30... Ra8 {[#]} 31. Rc6 (31. g5 $1 $18 {[%mdl 512] has better winning chances.} Ng8 (31... hxg5 32. Qe3) 32. Be6) 31... Re8 (31... Qf7 $16) 32. h3 a5 $2 {[%mdl 8192]} (32... Nd7 $16 {is a better chance.} 33. Qd6 (33. Qxd5 Nf6 $16) 33... Nf6) 33. bxa6 Qb3 34. Bd3 Qd1+ 35. Kg2 Nd7 36. Rc8 {Precision: White = 54%, Black = 45%.} 1-0

[Event "IOM Open-Masters 2017"]
[Site "Douglas"]
[Date "2017.09.28"]
[Round "6"]
[White "Yoo, Christopher Woojin"]
[Black "Yankelevich, Lev"]
[Result "0-1"]
[WhiteElo "2254"]
[BlackElo "2443"]
[Annotator "TA"]
[PlyCount "74"]
[EventDate "2017.??.??"]
[EventType "swiss"]
[EventCountry "GBR"]
[SourceTitle "playchess.com"]
[Source "ChessBase"]
[SourceQuality "1"]

{[%evp 11,74,40,40,23,30,37,31,17,16,14,32,8,25,12,29,19,28,8,23,12,44,13,56,69,74,42,95,101,125,95,106,83,107,121,103,-81,-64,-155,-135,-399,-383,-377,-366,-712,-410,-520,-518,-676,-671,-657,-650,-637,-634,-1177,-1177,-1158,-1104,-12794,-12570,-4528,-3296,-12838,-12838,-29984,-29983]} 1. e4 {[%cal Be2e4,Be4e5][%mdl 32]} Nf6 2. e5 Nd5 3. c4 Nb6 4. d4 d6 5. exd6 exd6 6. Nc3 Be7 7. Be2 {B03: Alekhine's Defence: Four Pawns Attack} (7. Bd3 O-O 8. Nge2 Nc6 9. O-O Bf6 10. b3 Re8 11. Be3 Bg4 12. Qd2 Bxe2 13. Nxe2 d5 14. c5 Nd7 15. b4 a6 16. Rae1 Nf8 17. Bb1 {1-0 (37) Gelashvili,T (2563)-Berkes,F (2654) Minsk 2017}) 7... Nc6 8. h3 Bf5 9. a3 {White is slightly better.} O-O 10. Nf3 Bf6 11. O-O Re8 12. b3 h6 13. Be3 d5 14. c5 Nc8 15. b4 $36 {[%mdl 2048] White has the initiative.} a6 16. Qb3 N6e7 $146 17. Rad1 Be6 18. g4 g5 (18... Na7 $14) 19. Ne1 $16 h5 20. Ng2 (20. gxh5 $6 Bxh3 21. Ng2 Na7 $11) 20... hxg4 21. Bxg4 ({Resist} 21. hxg4 Ng6 $11) 21... Nf5 22. Bxf5 Bxf5 23. Kh2 $2 {[#]} ({But not} 23. Nxd5 $6 Bg7 $11) (23. Qxd5 $16 Ne7 24. Qf3 (24. Qxb7 c6 $14)) 23... Ne7 $1 $17 24. Qa2 (24. h4 $15) 24... Kg7 {aiming for ...Rh8.} 25. Rg1 $2 {[%mdl 8192]} (25. h4 $17 Rh8 26. Kg1 gxh4 27. Nf4) 25... Rh8 $19 {[%csl Gf5][%cal Rh8h3]} 26. Nf4 Kf8 27. Nfxd5 $2 (27. Nfe2 Rxh3+ 28. Kg2) 27... Be6 28. Nxf6 {[#] Threatens to win with Qd2.} Bxa2 29. Nxa2 Qc8 {[%csl Gh8][%cal Rc8h3]} 30. Rg3 Nf5 31. Rf3 Nxe3 32. fxe3 g4 33. Rg3 Qf5 {( -> ...Qf2+)} 34. Rd2 Rxh3+ 35. Rxh3 gxh3 36. Nc3 Qxf6 37. Nd5 Qf3 {Precision: White = 26%, Black = 66%.} 0-1

[Event "IOM Open-Masters 2017"]
[Site "Douglas"]
[Date "2017.09.28"]
[Round "6"]
[White "Watson, John L"]
[Black "Harari, Zaki"]
[Result "1-0"]
[WhiteElo "2247"]
[BlackElo "2027"]
[Annotator "ChessBase"]
[PlyCount "89"]
[EventDate "2017.??.??"]
[EventType "swiss"]
[EventCountry "GBR"]
[SourceTitle "playchess.com"]
[Source "ChessBase"]
[SourceQuality "1"]
[TimeControl "40/6000+30:20/3000+30:900+30"]

1. d4 Nf6 2. c4 c5 3. d5 d6 4. Nc3 g6 5. e4 Bg7 6. Nf3 O-O 7. h3 e6 8. Bd3 Na6 9. Bg5 Nc7 10. a4 h6 11. Be3 e5 12. g4 h5 13. Nh2 Na6 14. Be2 Qa5 15. Bd2 hxg4 16. hxg4 Nb4 17. Ra3 a6 18. g5 Nh7 19. Na2 Qd8 20. Nxb4 cxb4 21. Rg3 a5 22. Bg4 f5 23. gxf6 Qxf6 24. Qe2 g5 25. Rhg1 Qh6 26. Bxc8 Raxc8 27. Ng4 Qg6 28. f3 Rf4 29. Ne3 Bh6 30. Nf5 Rxf5 31. exf5 Qxf5 32. b3 b5 33. axb5 a4 34. bxa4 Qc2 35. Qe4 b3 36. Qxc2 bxc2 37. Rg4 Nf6 38. b6 e4 39. a5 Rxc4 40. b7 Nd7 41. Bxg5 Bxg5 42. Rxg5+ Kf7 43. Kd2 e3+ 44. Kc1 Kf6 45. Rg6+ 1-0